Extremely Hard General Knowledge #8 - Statistics

General Stats
  • This quiz has been taken 1,428 times
  • The average score is 5 of 20
Answer Stats
Hint Answer % Correct
In which year was Queen Elizabeth II born? 1926
75%
What is the most populous city in Alaska? Anchorage
70%
What is the name of the island that Honolulu is located on? Oahu
63%
Who was the leader of the Russian Federation from 1964-1982 Leonid Brezhnev
43%
Who wrote the book The Godfather? Mario Puzo
37%
What is the official language of Ethiopia? Amharic
34%
What is the name of the House Band on The Tonight Show with Jimmy Fallon? The Roots
22%
What was the name of the orange ghost in Pacman? Clyde
21%
Pule is a Serbian cheese made from the milk of which animal? Donkey
21%
Which band had UK Number One's with 'Making Your Mind Up', 'The Land of Make Believe' and 'My Camera Never Lies' Bucks Fizz
20%
In 1990, who became the first boxer to beat Mike Tyson? Buster Douglas
19%
In the Bible who was the son of Abraham and Hagar? Ishmael
16%
What number did the car Herbie have painted on it? 53
15%
What is the tallest mountain in Antarctica? Vinson Massif
14%
What is the most circular country in the world? Sierra Leone
13%
A species of which animal, was found near Folsom Prison, California and named 'Aphonopelma johnnycashi' after Johnny Cash? Tarantula
12%
In 2012, Richard Ayoade was nominated for Best Newcomer to Directing BAFTA for which film? Submarine
10%
What is the name of the fictional town featured in the BBC Comedy The League of Gentlemen? Royston Vasey
9%
Who became the youngest director and the very first African American to be nominated for the Best Director Oscar for Boyz n the Hood (1991)? John Singleton
6%
What is the shortest Shakespeare play (based on the first edition of The Riverside Shakespeare, 1974)? A Comedy of Errors
3%
No matching quizzes found
Score Distribution
Percent of People with Each Score
Percentile by Number Answered
Your Score History
You have not taken this quiz